Grants for construction innovators (Record no. 66183)

MARC details
000 -LEADER
fixed length control field 00921cam a2200205 4500
001 - CONTROL NUMBER
control field WB3708-01
008 - FIXED-LENGTH DATA ELEMENTS--GENERAL INFORMATION
fixed length control field 000000n2001 000 0 eng u
035 ## - SYSTEM CONTROL NUMBER
System control number (Sirsi) u111092
245 ## - TITLE STATEMENT
Title Grants for construction innovators
260 ## - PUBLICATION, DISTRIBUTION, ETC.
Date of publication, distribution, etc. 2001
490 ## - SERIES STATEMENT
Series statement DETR Press Release
Volume/sequential designation (084) 19 February 2001, (3)
520 ## - SUMMARY, ETC.
Summary, etc. Fast Track, a new innovation business support scheme has been launched by the Construction Minister Nick Raynsford. The pilot scheme will work by offering a grant to a contractor in return for reporting on the technical or process innovation so that vital knowledge about the project can be saved for the future. Application forms and a Fast Track prospectus are available at www.pii.org.uk/fasttrack.
590 ## - LOCAL NOTE (RLIN)
Local note WB
650 ## - SUBJECT ADDED ENTRY--TOPICAL TERM
Topical term or geographic name entry element DETR
650 ## - SUBJECT ADDED ENTRY--TOPICAL TERM
Topical term or geographic name entry element FAST TRACK
650 ## - SUBJECT ADDED ENTRY--TOPICAL TERM
Topical term or geographic name entry element BUSINESS SUPPORT
650 ## - SUBJECT ADDED ENTRY--TOPICAL TERM
Topical term or geographic name entry element INNOVATION PROJECTS
690 ## - LOCAL SUBJECT ADDED ENTRY--TOPICAL TERM (OCLC, RLIN)
Topical term or geographic name as entry element BUILDING AND CONSTRUCTION-PROJECTS
942 ## - ADDED ENTRY ELEMENTS (KOHA)
Suppress in OPAC 0
Holdings
Withdrawn status Lost status Source of classification or shelving scheme Damaged status Not for loan Home library Current library Shelving location Date acquired Total Checkouts Full call number Barcode Date last seen Copy number Price effective from Koha item type
    Dewey Decimal Classification     London London News article 21/02/2001   WB3708-01 111092-1001 06/08/2019 1 06/08/2019 News article